| 000 | 00512nam a2200157 a 4500 | ||
|---|---|---|---|
| 001 | 000032383 | ||
| 005 | 20200930065619.0 | ||
| 008 | 110715s1907 dr 000 0 spa d | ||
| 040 |
_aDO-SdBNP _bspa _cBNPHU |
||
| 082 |
_axxxx _bR426m |
||
| 110 | 1 |
_aRepública Dominicana. _bHacienda y Comercio _958360 |
|
| 245 | 1 | 0 | _aMemoria con sus correspondientes anexos que al ciudadano presidente de la República. |
| 260 |
_aSanto Domingo : _bImp. La Cuna de América, _c1907. |
||
| 300 |
_a84 p. ; _c28 cm. |
||
| 049 | _aBNGR | ||
| 999 |
_c31874 _d31874 |
||